| 000 | 01440cam a2200313 a 4500 | ||
|---|---|---|---|
| 999 |
_c330089 _d330089 |
||
| 001 | 15077733 | ||
| 003 | NUST | ||
| 005 | 20170608101045.0 | ||
| 008 | 071109s2008 nyuab 001 0 eng | ||
| 010 | _a 2007046678 | ||
| 020 | _a9780071502405 (alk. paper) | ||
| 020 | _a0071502408 (alk. paper) | ||
| 035 | _a(OCoLC)ocn181368848 | ||
| 035 | _a(OCoLC)181368848 | ||
| 040 |
_aDLC _cDLC _dYDX _dBAKER _dZS3 _dYDXCP _dDLC |
||
| 050 | 0 | 0 |
_aQC981.8.G56 _bS548 2008 |
| 082 | 0 | 0 |
_a551.6 SIL _222 |
| 100 | 1 |
_aSilver, Jerry. _92196 |
|
| 245 | 1 | 0 |
_aGlobal warming and climate change demystified / _cJerry Silver. |
| 260 |
_aNew York : _bMcGraw-Hill, _cc2008. |
||
| 300 |
_axii, 289 p. : _bill., maps ; _c24 cm. |
||
| 500 | _aIncludes index. | ||
| 501 | _aH.B | ||
| 650 | 0 |
_aGlobal warming _vPopular works. _92197 |
|
| 650 | 0 |
_aClimatic changes _vPopular works. _92198 |
|
| 856 | 4 | 2 |
_3Contributor biographical information _uhttp://www.loc.gov/catdir/enhancements/fy0806/2007046678-b.html |
| 856 | 4 | 2 |
_3Publisher description _uhttp://www.loc.gov/catdir/enhancements/fy0806/2007046678-d.html |
| 856 | 4 | 1 |
_3Table of contents only _uhttp://www.loc.gov/catdir/enhancements/fy0806/2007046678-t.html |
| 906 |
_a7 _bcbc _corignew _d1 _eecip _f20 _gy-gencatlg |
||
| 942 |
_2ddc _cBK _k551.6 SIL |
||